1144 1612 1790 1144 1472 1206 1160 1260 1054 1400 1937 1723 1263 1482 1579 1777 1061 1809 1322 1701 1419 1173 1239 1010 1195 1385 1615 1321 1467 1791 1953 1770 1957 1866 1531 1074 1473 1529 1681 1005 1951 1007 1499 1443 1131 1011 1802 1097 1359 1037 1528 1840 1359 1714 1909 1916 1109 1425 1251 1574 1102 1466 1366 1663 1525 1616 1813 1054 1824 1212 1487 1592 1050 1205 1886 1685 1364 1893 1714 1456 1256 1292 1526 1240 1115 1082 1580 1199 1692 1934 1182 1566 1769 1276 1014 1721 1804 1339 1361 BCNSPRNW ULIB Ver.6.0+V

เปลี่ยนเป็นภาษาไทย

Change to English
 แสดงรายละเอียดบรรณานุกรม
  กลับหน้าหลัก

Brief Record : Get Marc (ISO 2709) : E-mail record : QR code < ปิดหน้าต่าง
LEADER : 00000nam 2200000uu 4500
001    13399108998
003     ULIB
008    110318s2547||||th 000 0 tha d
060  4 WA105^bส223น 2547
110 1  กระทรวงสาธารณสุข^bสำนักงานสาธารณสุขจังหวัด^bสำนักงานป้องกันควบคุมโรคที่ 8 จังหวัดนครสวรรค์
245 00 แนวทางการเฝ้าระวัง ควบคุมโรคและรักษาผู้ป่วยโรคไข้หวัดนก/^cสำนักงานป้องกันควบคุมโรคที่ 8 จังหวัดนครสวรรค์
260    นครสวรรค์:^bสำนักงานป้องกันควบคุมโรคที่ 8 จังหวัดนครสวรรค์,^c2547
650  7 ไข้หวัดนก
945    ^p0^l0^i016699
995    ทศพร
999 ^a ใช้งานได้ทุกระบบ
รายการนี้ยังไม่มีแท็ก
คุณยังไม่ได้ล็อกอิน คุณสามารถมีกิจกรรมร่วมกับเว็บไซต์ได้ แต่ต้องล็อกอินก่อน ::
  ล็อกอิน

รายการสื่อสารสนเทศ

ลำดับที่ ประเภท เลขเรียก/บาร์โค้ด สถานที่ สถานะ
- ไม่พบข้อมูล -

รายการใกล้เคียง
    หัวเรื่อง [ไข้หวัดนก]

BibComment


ยังไม่เคยถูกคอมเมนท์

คอมเมนท์ทรัพยากรรายการนี้
  คอมเมนท์: แนวทางการเฝ้าระวั..


 Copyright 2026. Bcnsprnw @Library